| 000 | 00465nam a22001457a 4500 | ||
|---|---|---|---|
| 003 | OSt | ||
| 005 | 20240529113719.0 | ||
| 008 | 240522b ||||| |||| 00| 0 eng d | ||
| 040 | _cAIMIT LIBRARY | ||
| 100 |
_aAshfiya, Aysha. _e2016032 _9166726 |
||
| 245 |
_aStudy on financial performance of marriott international / _cBy Aysha Ashfiya ; Guided by Justine P James. |
||
| 260 |
_bMangalore , _c2022. |
||
| 700 |
_aJames, Justine P. _eGuide _9166727 |
||
| 942 |
_2ddc _cPRO |
||
| 999 |
_c230861 _d230861 |
||